La Marseillaise - Statistiques

Statistiques générales
  • Ce quiz a été pris 86 fois
  • Le résultat moyen est 50 sur 58
Statistiques - réponses
Réponse % Correct
arrivé !
97%
de
97%
de
97%
de
97%
est
97%
est
97%
est
97%
gloire
97%
jour
97%
la
97%
la
97%
Le
97%
enfants
96%
Patrie,
96%
Allons
95%
nos
95%
sang
95%
nous
90%
impur
88%
Marchons,
88%
marchons !
88%
tyrannie,
88%
Aux
86%
dans
86%
dans
86%
levé,
86%
levé,
86%
Contre
85%
soldats ?
85%
armes,
84%
campagnes
84%
citoyens
84%
féroces
82%
sanglant
82%
sanglant
82%
sillons !
82%
bataillons,
81%
vos
81%
vos
81%
vos
81%
vos
81%
Abreuve
79%
ces
79%
vous
79%
compagnes !
78%
Entendez
78%
jusque
78%
les
78%
L'étendard
78%
L'étendard
78%
viennent
78%
fils,
77%
Mugir
77%
Formez
75%
Qu'un
75%
bras
73%
Egorger
71%
Ils
59%
Aucun quiz correspondant
Distribution des résultats
% des personnes avec chaque résultat
Percentile par nombre de réponses
Votre historique - résultats
Vous n’avez pas pris ce quiz